000 01074nam a2200265 a 4500
001 000026956
003 DO-SdBNP
005 20250618124059.0
008 110328s1946 cu r 000 0 spa d
040 _aDO-SdBNP
_bspa
_cBNPHU
082 _a972.93053
_bJ61u
100 1 _aJimenes Grullón, Juan Isidro,
_d1903-1983
_92482
245 1 0 _aUna gestapo en América :
_b(vida, tortura, agonía y muerte de presos políticos bajo la tiranía de Trujillo) /
_cJuan Isidro Jimenes Grullón ; prólogo Raúl Roa.
246 1 4 _aUna gestapo en América
260 _aLa Habana :
_bLex,
_c1946.
300 _a328 p. ;
_c22 cm.
500 _aIncluye referencias bibliográficas y notas al pie de las páginas.
590 _aInventariado, 2019/BT
600 1 0 _aJimenes Grullón, Juan Isidro,
_d1903-1983
_92482
650 4 _aDelitos políticos
_zRepública Dominicana
_92846
651 4 _aRepública Dominicana
_xPolítica y gobierno
_yERA DE TRUJILLO 1930-1961
_92845
700 1 _aRoa, Raúl,
_epról.
_916973
910 _aValidado. Control de calidad. MMOLINA
942 _2ddc
_cLBS1
999 _c26448
_d26448